Home Print Resources E-Books E-Journals IIMT Lecture Series Library Membership Form Book Recommendation Form Campus Tour Take AdmissionAbout Us Contact Us

negotiating for managers (Record no. 22391)

000 -LEADER
fixed length control field 00378nam a2200169Ia 4500
003 - CONTROL NUMBER IDENTIFIER
control field OSt
005 - DATE AND TIME OF LATEST TRANSACTION
control field 20240209120419.0
008 - FIXED-LENGTH DATA ELEMENTS--GENERAL INFORMATION
fixed length control field 170619s9999 xx 000 0 und d
020 ## - INTERNATIONAL STANDARD BOOK NUMBER
International Standard Book Number 9780070486331
040 ## - CATALOGING SOURCE
Transcribing agency IIMT ENGINEERING COLLEGE
100 ## - MAIN ENTRY--PERSONAL NAME
Personal name cohen
245 #0 - TITLE STATEMENT
Title negotiating for managers
260 ## - PUBLICATION, DISTRIBUTION, ETC.
Name of publisher, distributor, etc. t m h
260 ## - PUBLICATION, DISTRIBUTION, ETC.
Date of publication, distribution, etc. 2008
546 ## - LANGUAGE NOTE
Language note ENGLISH
942 ## - ADDED ENTRY ELEMENTS (KOHA)
Source of classification or shelving scheme
Koha item type Book Bank
Holdings
Withdrawn status Lost status Source of classification or shelving scheme Damaged status Not for loan Home library Current library Source of acquisition Cost, normal purchase price Total Checkouts Barcode Date last seen Price effective from Koha item type
          IIMT Engineering College-MBA IIMT Engineering College-MBA 1 185.00   13-B-5024 06/23/2017 06/23/2017 Text-Book- for 7 days
          IIMT Engineering College-MBA IIMT Engineering College-MBA 1 185.00   13-B-5025 06/23/2017 06/23/2017 Text-Book- for 7 days
          IIMT Engineering College-MBA IIMT Engineering College-MBA 1 185.00   13-B-5026 06/23/2017 06/23/2017 Text-Book- for 7 days
          IIMT Engineering College-MBA IIMT Engineering College-MBA 1 185.00   13-B-5027 06/23/2017 06/23/2017 Text-Book- for 7 days
          IIMT Engineering College-MBA IIMT Engineering College-MBA 1 185.00   13-B-5028 06/23/2017 06/23/2017 Text-Book- for 7 days
          IIMT Engineering College-MBA IIMT Engineering College-MBA 1 185.00   13-B-5029 06/23/2017 06/23/2017 Text-Book- for 7 days
          IIMT Engineering College-MBA IIMT Engineering College-MBA 1 185.00   13-B-5030 06/23/2017 06/23/2017 Text-Book- for 7 days
          IIMT Engineering College-MBA IIMT Engineering College-MBA 1 185.00   13-B-5031 06/23/2017 06/23/2017 Text-Book- for 7 days
          IIMT Engineering College-MBA IIMT Engineering College-MBA 1 185.00   13-B-5032 06/23/2017 06/23/2017 Text-Book- for 7 days
          IIMT Engineering College-MBA IIMT Engineering College-MBA 1 185.00   13-B-5033 06/23/2017 06/23/2017 Text-Book- for 7 days
IIMT, Central Library. All Rights Reserved IIMT,UNIVERSITY © 2023
Implemented and Customised by I CLOUDE EMS
You Are OPAC Visitor No
free web counter

Powered by Koha